000 00705cam a2200253 4500
001 B1145
008 090401t xxu||||| |||| 00| 0 eng d
035 _a(Sirsi) u42799
041 _aeng
050 _a711.5520212
110 _aRichard Saunders and Partners
_91991
245 _aCity floorspace survey. - September 1978 - December 1979.
260 _aLondon
_bRichard Saunders and Partners
_c1978-80
300 _a16 pt. in one volume ; 30cm.
350 _a0
520 _aShelved at Reserve shelf 310.
650 _aCITY OF LONDON
650 _aFLOORSPACE STATISTICS
650 _aLONDON
650 _aOFFICES
690 _aPROPERTY-COMMERCIAL PROPERTY
942 _n0
948 _c04/03/1997
999 _c91184
_d91184